000 00561nam a2200217Ia 4500
003 OSt
005 20220926042725.0
006 a|||||r|||| 00| 0
007 ta
008 220923b |||||||| |||| 00| 0 eng d
037 _cGeneral Book
040 _aRTL
_cRTL
_beng
041 _2eng
_aeng
082 _aX7243:(Z2), K4
100 _aGhatalia S V
_9346630
245 0 _aLaw and practice of super profits tax
260 _c1964
650 _aBusiness Tax
942 _hX7243:(Z2), K4
_cGB
_2CC
999 _c670394
_d670394